000 00515nam a22001817a 4500
005 20260424153854.0
008 260424b |||||||| |||| 00| 0 eng d
020 _a9798886130508
_c2795.00
040 _aMAIN
041 _aEnglish
082 _a512.7
_bCHE
100 _aCherednik, Ivan
_926754
245 _aCombinatorics Modeling Elementary Number Theory
_b: from Basic to Advanced
260 _aNew Jersey
_bWorld Scientific
_c2024
300 _a374
650 _aMathematics (PM USHA)
_926738
942 _cBK
999 _c60739
_d60739